书目信息 |
| 题名: |
油田化学品实用手册
|
|
| 作者: | 王中华 , 王中华 编著 | |
| 分册: | ||
| 出版信息: | 北京 中国石化出版社 2004.7 |
|
| 页数: | 447页 | |
| 开本: | 26cm | |
| 丛书名: | ||
| 单 册: | ||
| 中图分类: | TE626-62 | |
| 科图分类: | ||
| 主题词: | 石油化学品--技术手册 | |
| 电子资源: | ||
| ISBN: | 7-80164-529-4 | |
| 000 | 00795nam0 2200241 45 | |
| 001 | 012004000000 | |
| 005 | 20041028153840.43 | |
| 010 | @a7-80164-529-4@d68.00CNY | |
| 100 | @a20040913d2004 em y0chiy0121 ea | |
| 101 | 0 | @achi |
| 102 | @aCN@b110000 | |
| 105 | @afk c 000yy | |
| 200 | 1 | @a油田化学品实用手册@Ayou tian hua xue ping shi yong shou ce@f王中华主编@Fwang zhong hua zhu bian |
| 210 | @a北京@c中国石化出版社@d2004.7 | |
| 215 | @a447页@c图, 表格@d26cm | |
| 320 | @a本书末含参考文献 | |
| 330 | @a本书是一部介绍油田化学品性质, 配方, 生产工艺和用途的实用性专业工具书。 | |
| 606 | 0 | @a石油化学品@j技术手册 |
| 690 | @aTE626-62@v4 | |
| 701 | 0 | @a王中华@Awang zhong hua@4编著 |
| 701 | 0 | @a王中华@Awang zhong hua@4主编 |
| 801 | 0 | @aCN@bQSSKm@c20041028 |
| 905 | @a10447@dTE626-62@eW470 | |
| 油田化学品实用手册/王中华主编.-北京:中国石化出版社,2004.7 |
| 447页:图, 表格;26cm |
| ISBN 7-80164-529-4:68.00CNY |
| 本书是一部介绍油田化学品性质, 配方, 生产工艺和用途的实用性专业工具书。 |
| ● |
| 相关链接 |
|
|
|
正题名:油田化学品实用手册
索取号:TE626-62/W470
 
预约/预借
| 序号 | 登录号 | 条形码 | 馆藏地/架位号 | 状态 | 备注 |
| 1 | 423519 | 204235194 | 自科库501/501自科库 22排3列4层/ [索取号:TE626-62/W470] | 在馆 | |
| 2 | 423520 | 204235201 | 自科库501/501自科库 22排3列4层/ [索取号:TE626-62/W470] | 在馆 | |
| 3 | 530718 | 205307185 | 自科库501/501自科库 22排3列4层/ [索取号:TE626-62/W470] | 在馆 | |
| 4 | 530719 | 205307194 | 自科库501/501自科库 22排3列4层/ [索取号:TE626-62/W470] | 在馆 |